[Event "Ogolnopolska Olimpiada Mlodziezy w Sportach Umyslowych - D14"]
[Site "Walbrzych, Zamek Ksiaz"]
[Date "2013-04-17"]
[Round "6.11"]
[White "Ziziuk, Martyna"]
[Black "Kaniewska, Emilia"]
[Result "0-1"]
[WhiteTitle "II"]
[BlackTitle "I"]
[WhiteElo "1361"]
[BlackElo "1677"]

1. e4 c5 2. f4 d6 3. Nc3 a6 4. Nf3 Nc6 5. Be2 e6 6. O-O Be7 7. Kh1 Nf6 8. b3 e5
9. d3 O-O 10. Bb2 exf4 11. Qd2 Ne5 12. Qxf4 Nh5 13. Qc1 Nxf3 14. Bxf3 Bg5 15.
Qd1 Nf4 16. Ne2 Ng6 17. d4 Nh4 18. dxc5 dxc5 19. Qxd8 Rxd8 20. Rad1 Be6 21. a3
Be3 22. Bc1 Bxc1 23. Nxc1 Nxf3 24. gxf3 c4 25. b4 c3 26. Kg1 Bc4 27. Rfe1 Rd2
28. Nd3 Rxc2 29. Ne5 Bb3 30. Rc1 Rxc1 31. Rxc1 c2 32. Nc4 Rd8 33. Ne3 Rd1+ 34.
Nxd1 cxd1=Q+ 35. Rxd1 Bxd1 36. Kf2 f6 37. h4 Kf7 38. h5 g5 39. Kg3 h6 40. Kf2
Ke6 41. Ke3 Ke5 0-1

[Event "Ogolnopolska Olimpiada Mlodziezy w Sportach Umyslowych - D14"]
[Site "Walbrzych, Zamek Ksiaz"]
[Date "2013-04-17"]
[Round "6.12"]
[White "Pluta, Natalia"]
[Black "Daliga, Anita"]
[Result "1/2-1/2"]
[WhiteTitle "II"]
[BlackTitle "II"]
[WhiteElo "1475"]
[BlackElo "1347"]

1. e4 e5 2. Nf3 Nc6 3. Bc4 Bc5 4. c3 Nf6 5. d3 d6 6. h3 h6 7. Nbd2 Bb6 8. Qe2 Be6
9. Bb3 O-O 10. Nf1 Bxb3 11. axb3 d5 12. Ng3 Qd7 13. O-O dxe4 14. Nxe4 Nxe4 15.
Qxe4 Rad8 16. Rd1 Rfe8 17. b4 a6 18. Be3 Bxe3 19. Qxe3 Qf5 20. Nh4 Qf4 21. Qxf4
exf4 22. Nf3 Ne5 23. Nxe5 Rxe5 24. d4 Re2 25. Rab1 Rde8 26. Kf1 Kf8 27. Re1 Rxe1+
28. Rxe1 g5 29. Rxe8+ Kxe8 30. Ke2 Ke7 31. Kd3 Ke6 32. b3 h5 33. Ke4 f5+ 34. Kf3
h4 35. Ke2 Kd5 36. f3 b6 37. Kd3 c6 38. c4+ Kd6 39. c5+ Kc7 40. cxb6+ Kb7 41.
Kc3 Kxb6 42. Kc4 g4 43. Kd3 gxh3 44. gxh3 Kc7 45. Kc3 Kd7 46. Kd3 Ke6 47. Kc2
Kd5 48. Kc3 Ke6 49. Kc4 Kd6 1/2-1/2

[Event "Ogolnopolska Olimpiada Mlodziezy w Sportach Umyslowych - D14"]
[Site "Walbrzych, Zamek Ksiaz"]
[Date "2013-04-17"]
[Round "6.13"]
[White "Momot, Weronika"]
[Black "Klisz, Karolina"]
[Result "1-0"]
[WhiteTitle "I"]
[BlackTitle "II"]
[WhiteElo "1460"]
[BlackElo "1342"]

1. c4 e6 2. g3 d5 3. Bg2 c6 4. Nf3 Nf6 5. O-O Bd6 6. Na3 O-O 7. Qc2 Nbd7 8. Rb1
dxc4 9. Nxc4 Bc7 10. b3 Re8 11. Bb2 b5 12. Ne3 Bb7 13. Nd4 Rc8 14. Nxb5 cxb5 15.
Bxb7 Rb8 16. Bg2 Rc8 17. Qd1 Nb6 18. Bc6 Rf8 19. Bxb5 Bd6 20. Rc1 Qe7 21. d3 Nbd5
22. Nc4 Bc7 23. e4 Nb6 24. Ba3 Qd8 25. Bxf8 Qxf8 26. Nxb6 Bxb6 27. Rxc8 Qxc8 28.
Bc4 e5 29. Qc1 Qh3 30. Ba6 h6 31. Qc8+ Qxc8 32. Bxc8 1-0

[Event "Ogolnopolska Olimpiada Mlodziezy w Sportach Umyslowych - D14"]
[Site "Walbrzych, Zamek Ksiaz"]
[Date "2013-04-17"]
[Round "6.14"]
[White "Tkaczyk, Weronika"]
[Black "Sobczak, Marta"]
[Result "1-0"]
[WhiteTitle "II"]
[BlackTitle "I"]
[WhiteElo "1390"]
[BlackElo "1516"]

1. e4 e6 2. Nf3 d5 3. Nc3 Nf6 4. e5 Nfd7 5. d4 c5 6. dxc5 Nc6 7. Bf4 Bxc5 8. Bd3
f6 9. exf6 Qxf6 10. Bg5 Qf7 11. Qe2 O-O 12. O-O h6 13. Rae1 Nb6 14. Bd2 Nd4 15.
Nxd4 Bxd4 16. Be3 Bf6 17. Bc5 Be7 18. Bxe7 Qxe7 19. Qe5 Qf6 20. Nb5 Qxe5 21. Rxe5
Rf6 22. Rfe1 Rb8 23. Nxa7 Bd7 24. Nb5 Kf7 25. h3 Ra8 26. a3 Rb8 27. Nd6+ Ke7 28.
Nf5+ Kf7 29. Nd4 Rc8 30. R1e2 Rd8 31. Nb5 Rb8 32. b3 Ke7 33. a4 Bxb5 34. Bxb5
Kd6 35. R5e3 Rd8 36. Rd3 Ke7 37. c4 dxc4 38. Rxd8 Kxd8 39. bxc4 Kc7 40. a5 Nc8
41. a6 bxa6 42. Bxa6 Nb6 43. Kf1 Kd6 44. Rc2 Kc5 45. Ke2 Rf4 46. Ke3 Rd4 47. f4
Rd1 48. Kf3 h5 49. Kg3 Rd4 50. Re2 Nxc4 51. Bxc4 Kxc4 52. Rxe6 h4+ 53. Kxh4 Rxf4+
54. Kg3 Rf7 55. Kg4 Kd5 56. Re8 Kd6 57. Re2 Rf6 58. Kg5 Kd7 59. g4 Rc6 60. Re3
Rf6 61. h4 Rc6 62. h5 Rb6 63. Kh4 Rb4 64. Re5 Kd6 65. Rg5 Rb7 66. Rg6+ Ke5 67.
Kg5 Ke4 68. h6 gxh6+ 69. Kxh6 Kf4 70. g5 Kf5 71. Rf6+ Ke5 72. Kg6 Kd5 73. Rf7
Rb8 74. Kg7 Ke6 1-0

[Event "Ogolnopolska Olimpiada Mlodziezy w Sportach Umyslowych - D14"]
[Site "Walbrzych, Zamek Ksiaz"]
[Date "2013-04-17"]
[Round "6.15"]
[White "Wojcik, Jagoda"]
[Black "Kalinowska, Karolina"]
[Result "0-1"]
[WhiteTitle "II"]
[BlackTitle "I"]
[WhiteElo "1388"]
[BlackElo "1504"]

1. e4 c5 2. Nf3 e6 3. d4 cxd4 4. Nxd4 a6 5. Bd3 Qc7 6. Be3 Nc6 7. Nxc6 dxc6 8.
O-O Nf6 9. f4 e5 10. f5 h5 11. h3 Bd7 12. c4 Be7 13. Kh1 b5 14. c5 Qa7 15. Qc2
a5 16. Nd2 Bc8 17. Nf3 Nd7 18. Rac1 Bb7 19. Qc3 b4 20. Qc2 Ba6 21. Rfd1 Rb8 22.
Qa4 Bb5 23. Bxb5 Rxb5 24. a3 bxa3 25. Qxa3 O-O 26. Rd2 Rfb8 27. Rdc2 Rb3 28. Qa4
Rxe3 29. Qxc6 Rd3 30. Ne1 Rdb3 31. Qd5 Rxb2 32. Rxb2 Rxb2 33. c6 Nb6 34. Qxe5
Nc8 35. c7 Rb6 36. Nd3 a4 37. Nf4 Rh6 38. Nd5 Qb7 39. Nxe7+ Kh7 40. Nxc8 Qxc8
41. Qe7 Ra6 42. Qxf7 a3 43. e5 a2 44. Ra1 Rc6 45. Qxh5+ Kg8 46. Rxa2 Rxc7 47.
Re2 Rc1+ 48. Kh2 Qc5 49. Kg3 Qc3+ 50. Kh4 Qd4+ 51. Qg4 Qd5 52. Qe4 Rc4 0-1

[Event "Ogolnopolska Olimpiada Mlodziezy w Sportach Umyslowych - D14"]
[Site "Walbrzych, Zamek Ksiaz"]
[Date "2013-04-17"]
[Round "6.16"]
[White "Karykowska, Anna"]
[Black "Jurkiewicz, Zuzanna"]
[Result "1-0"]
[WhiteTitle "I"]
[BlackTitle "II+"]
[WhiteElo "1493"]
[BlackElo "1383"]

1. e4 c5 2. Nf3 Nc6 3. d4 cxd4 4. Nxd4 g6 5. Nc3 Bg7 6. Be3 Nf6 7. Bc4 O-O 8. Bb3
d6 9. h3 a6 10. O-O Bd7 11. Re1 Rc8 12. a3 Qc7 13. Nxc6 Bxc6 14. Qd3 b5 15. Rad1
Qb7 16. Nd5 Bxd5 17. exd5 Nd7 18. Bd4 Nc5 19. Qe3 Bxd4 20. Rxd4 Nxb3 21. Qxb3
Rc5 22. c3 Rfc8 23. Qd1 Rc4 24. Qd3 Rxd4 25. Qxd4 Rc4 26. Qd3 Qa7 27. Qe2 Rc7
28. Qd2 Qc5 29. Rd1 a5 30. Qe1 Rb7 31. Rd4 Kf8 32. Qd2 Kg7 33. Rh4 h5 34. Rd4
Rc7 35. Qd3 Rb7 36. Qd2 Rc7 37. Qd3 Rb7 38. Qd2 Rc7 39. a4 Rb7 40. b4 Qc7 41.
bxa5 Qxa5 42. Rb4 Rc7 43. Qd4+ Kg8 44. Rxb5 Qxc3 45. Rb8+ 1-0

[Event "Ogolnopolska Olimpiada Mlodziezy w Sportach Umyslowych - D14"]
[Site "Walbrzych, Zamek Ksiaz"]
[Date "2013-04-17"]
[Round "6.17"]
[White "Godek, Martyna"]
[Black "Kwiatkowska, Agnieszka"]
[Result "0-1"]
[WhiteTitle "II"]
[BlackTitle "II+"]
[WhiteElo "1378"]
[BlackElo "1492"]

1. e4 c6 2. d4 d5 3. exd5 cxd5 4. Bf4 Bf5 5. Nf3 Nf6 6. Bd3 Bxd3 7. Qxd3 Nc6 8.
Nc3 a6 9. a3 e6 10. h3 Bd6 11. Qe3 O-O 12. O-O Qc7 13. Be5 Nd7 14. Bxd6 Qxd6 15.
Rfe1 Rac8 16. Rad1 Nb6 17. Qd3 h6 18. Nd2 Na5 19. Na2 Nac4 20. Rb1 Nxd2 21. Qxd2
Nc4 22. Qd3 Qb6 23. b4 Nd6 24. Rec1 Nb5 25. Rd1 Rc4 26. a4 Rxd4 27. Qf3 Rxd1+
28. Rxd1 Nd6 29. c3 Qc6 30. a5 Ne4 31. Rd3 Rc8 32. Qd1 Qc4 33. Qb1 Qb5 34. Qc2
Qc4 35. Qb1 Qc7 36. Qe1 Qc6 37. f3 Nd6 38. Nc1 Nf5 39. Ne2 Qc7 40. Kh1 Qe7 41.
Kh2 Qg5 42. Qf2 Qd8 43. Qe1 Qc7+ 44. Kg1 Qc4 45. Qd2 Qh4 46. Nd4 Nxd4 47. Rxd4
Qf6 48. Qe3 Kh8 49. Kh2 Qe7 50. Kh1 Qc7 51. Rd3 Qc4 52. Qd2 Qc6 53. Kh2 Qb5 54.
Re3 b6 55. axb6 Qxb6 56. Rd3 a5 57. bxa5 Qxa5 58. Qb2 Qa6 59. Qd2 Qa7 60. Re3
Rb8 61. Qd3 Qb6 62. Re1 Rc8 63. Re3 Kg8 64. Qd2 Rb8 65. Re1 Qb2 66. Qd3 Rb3 67.
Re3 Ra3 68. f4 Ra4 69. Kg3 Ra2 70. Qf1 Qd2 71. Rd3 Qe2 72. Qxe2 Rxe2 73. Kf3 Rc2
74. g4 Kf8 75. Ke3 Ke7 76. Kd4 Kd6 77. Rg3 Re2 78. Kd3 Re4 79. Rf3 f6 80. f5 e5
81. Rg3 Rf4 82. Re3 e4+ 83. Kd4 Rf3 84. Rxf3 exf3 85. Ke3 Kc5 86. Kxf3 Kc4 87.
Ke3 Kxc3 0-1

[Event "Ogolnopolska Olimpiada Mlodziezy w Sportach Umyslowych - D14"]
[Site "Walbrzych, Zamek Ksiaz"]
[Date "2013-04-17"]
[Round "6.18"]
[White "Popiel, Natalia"]
[Black "Wierzbowska, Aleksandra"]
[Result "0-1"]
[WhiteTitle "II"]
[BlackTitle "II+"]
[WhiteElo "1316"]
[BlackElo "1405"]

1. e4 c5 2. Nf3 Nc6 3. d4 cxd4 4. Nxd4 e5 5. Nf3 Nf6 6. Nc3 Bb4 7. Bd2 Bxc3 8.
Bxc3 Nxe4 9. Bxe5 Nxe5 10. Qe2 Qa5+ 11. c3 Kd8 12. Qxe4 Re8 13. Qh4+ f6 14. Be2
Nxf3+ 15. gxf3 Qb5 16. O-O Qxe2 17. Rae1 Qxf3 18. Rxe8+ Kxe8 19. Re1+ Kd8 20.
Qxh7 Qg4+ 21. Kf1 b6 22. Qg8+ Kc7 23. b3 Ba6+ 24. Qc4+ Bxc4+ 25. bxc4 Qxc4+ 0-1

[Event "Ogolnopolska Olimpiada Mlodziezy w Sportach Umyslowych - D14"]
[Site "Walbrzych, Zamek Ksiaz"]
[Date "2013-04-17"]
[Round "6.19"]
[White "Maciak, Gabriela"]
[Black "Zalewska, Katarzyna"]
[Result "1-0"]
[WhiteTitle "II"]
[BlackTitle "II"]
[WhiteElo "1433"]
[BlackElo "1373"]

1. e4 e5 2. Nf3 Nc6 3. Bc4 Bc5 4. c3 Nf6 5. d4 exd4 6. cxd4 Bb4+ 7. Bd2 Nxe4 8.
Bxb4 Nxb4 9. Bxf7+ Kxf7 10. Qb3+ d5 11. Ne5+ Ke8 12. Qxb4 Qg5 13. Nd2 Qxg2 14.
O-O-O Nxd2 15. Rhg1 Qxf2 16. Rxg7 Qf8 17. Qxf8+ Kxf8 18. Rf7+ Ke8 19. Rxd2 Kd8
20. Rdf2 Be6 21. Rg7 Ke8 22. Rxc7 Rb8 23. Rf6 Bh3 24. Rd6 Rc8 25. Rxc8+ Bxc8 26.
Rxd5 Rf8 27. Nd3 Rf3 28. Re5+ Kf7 29. Kd2 Rh3 30. Re2 b6 31. d5 Ba6 32. Rf2+ Ke7
33. Nf4 Rh4 34. Ke3 Kd6 35. b3 Bb7 36. Rd2 Ke5 37. d6 Bc6 38. Rd5+ Kf6 39. d7
Bxd7 40. Rxd7 Rxh2 41. Rxa7 Kf5 42. a4 Rh4 43. Rf7+ Ke5 44. Nd3+ Ke6 45. Rf4 Rh3+
46. Rf3 Rh5 47. Nf4+ 1-0

[Event "Ogolnopolska Olimpiada Mlodziezy w Sportach Umyslowych - D14"]
[Site "Walbrzych, Zamek Ksiaz"]
[Date "2013-04-17"]
[Round "6.20"]
[White "Koperska, Nina"]
[Black "Kruszewska, Justyna"]
[Result "1/2-1/2"]
[WhiteTitle "II"]
[BlackTitle "II"]
[WhiteElo "1388"]
[BlackElo "1350"]

1. e4 e5 2. Nf3 Nc6 3. Bb5 a6 4. Ba4 Nf6 5. d4 exd4 6. e5 Nd5 7. Bxc6 bxc6 8. Qxd4
Bb4+ 9. c3 Ba5 10. O-O O-O 11. Qg4 d6 12. Qg3 Ne7 13. Nh4 Nf5 14. Nxf5 Bxf5 15.
Bg5 Qd7 16. exd6 cxd6 17. Nd2 Bd8 18. Bf4 Bc7 19. Rfd1 Rac8 20. Nf3 d5 21. Ne5
Bxe5 22. Bxe5 f6 23. Bf4 Rfe8 24. Re1 Bg6 25. f3 Qa7+ 26. Qf2 Qxf2+ 27. Kxf2 Kf7
28. Rad1 Bf5 29. Be3 Be6 30. Rd4 c5 31. Ra4 Rc6 32. g4 g5 33. h3 h6 34. Rh1 Kg6
35. Kg3 Bd7 36. Bc1 Rce6 37. Ra5 Re1 38. Rxe1 Rxe1 39. Bd2 Re2 40. Bc1 Re1 41.
Bd2 Re2 42. Bc1 Re1 1/2-1/2

[Event "Ogolnopolska Olimpiada Mlodziezy w Sportach Umyslowych - D14"]
[Site "Walbrzych, Zamek Ksiaz"]
[Date "2013-04-17"]
[Round "6.21"]
[White "Sekowska, Helena"]
[Black "Rudol, Maria"]
[Result "1-0"]
[WhiteTitle "II+"]
[BlackTitle "II"]
[WhiteElo "1459"]
[BlackElo "1488"]

1. e4 e5 2. Nf3 Nc6 3. Bb5 Nge7 4. O-O g6 5. c3 Bg7 6. d4 exd4 7. cxd4 d5 8. exd5
Nxd5 9. Bg5 Qd6 10. Re1+ Be6 11. Nbd2 O-O 12. Ne4 Qb4 13. Bxc6 bxc6 14. Qc1 Rab8
15. b3 Qb5 16. Nc5 Bg4 17. Ne5 f6 18. Nxg4 fxg5 19. Ne5 Rf5 20. a4 Qb4 21. Nxc6
Qb6 22. Nd7 Qxb3 23. Ndxb8 Rf7 24. Qd1 Qb2 25. Qe2 Qc3 26. Rac1 Qa3 27. Qc4 Nb6
28. Qe6 Qb2 29. Ne7+ Kf8 30. Nxg6+ Kg8 31. Ne7+ Kf8 32. Nf5 Kg8 33. Rxc7 Nd7 34.
Rxd7 1-0

[Event "Ogolnopolska Olimpiada Mlodziezy w Sportach Umyslowych - D14"]
[Site "Walbrzych, Zamek Ksiaz"]
[Date "2013-04-17"]
[Round "6.22"]
[White "Socko, Weronika"]
[Black "Malinowska, Monika"]
[Result "0-1"]
[WhiteTitle "II"]
[BlackTitle "II+"]
[WhiteElo "1584"]
[BlackElo "1399"]

1. d4 d5 2. c4 e6 3. Nc3 Nf6 4. Bg5 Be7 5. Nf3 Nbd7 6. e3 O-O 7. Be2 c6 8. O-O
Re8 9. Rc1 Nf8 10. cxd5 exd5 11. Qb3 Ng6 12. Bd3 Ne4 13. Bxe4 Bxg5 14. Bxg6 hxg6
15. Rfe1 Bf6 16. h3 Qb6 17. Nd2 Bf5 18. Qxb6 axb6 19. a3 Re7 20. Nf3 Be4 21. Nxe4
Rxe4 22. Red1 Ree8 23. Rc3 b5 24. Nd2 Be7 25. b4 Ra7 26. Ra1 Bxb4 27. Rd3 Bxd2
28. Rxd2 Ra4 29. Kf1 Rea8 30. Rda2 Kf8 31. Ke2 Ke7 32. Kd2 b4 33. Rb2 R8a7 34.
Rab1 bxa3 35. Rxb7+ Rxb7 36. Rxb7+ Kd6 37. Rb1 a2 38. Ra1 c5 39. dxc5+ Kxc5 40.
Kc3 Ra3+ 41. Kb2 Ra4 42. Kb3 Ra5 43. Rc1+ Kd6 44. Ra1 Ke5 45. Kc3 f5 46. Kd3 g5
47. Ke2 d4 48. exd4+ Kxd4 49. Kd2 Kc4 50. Kc2 g6 51. Kb2 Kd3 52. f4 gxf4 53. h4
Ke2 54. Kc2 Kf2 0-1

[Event "Ogolnopolska Olimpiada Mlodziezy w Sportach Umyslowych - D14"]
[Site "Walbrzych, Zamek Ksiaz"]
[Date "2013-04-17"]
[Round "7.1"]
[White "Kubicka, Anna"]
[Black "Marczuk, Anna"]
[Result "0-1"]
[WhiteTitle "I+"]
[BlackTitle "I+"]
[WhiteElo "1686"]
[BlackElo "1749"]

1. Nf3 f5 2. b3 d6 3. Bb2 e5 4. e3 Nf6 5. d4 e4 6. Ng5 d5 7. Nh3 Be6 8. Nf4 Bf7
9. Be2 Bd6 10. Ba3 Bxa3 11. Nxa3 c6 12. Nb1 O-O 13. h4 Qc7 14. c3 c5 15. Nd2 cxd4
16. cxd4 Nc6 17. a3 Nxd4 18. Rc1 Nc6 19. b4 Qe7 20. g4 fxg4 21. Bxg4 Nxg4 22.
Qxg4 Ne5 23. Qg3 Rac8 24. O-O Rc6 25. Rxc6 bxc6 26. Kh1 Bg6 27. Rg1 Bf5 28. h5
Bg4 29. h6 g6 30. Kg2 Qf6 31. Nb3 g5 32. Nh3 Qxh6 33. Rh1 Bf3+ 34. Kg1 Bxh1 35.
Qxe5 Bf3 36. Qxg5+ Qxg5+ 37. Nxg5 Bg4 38. Nd4 Rf6 39. Kg2 h6 40. Nh3 Bxh3+ 41.
Kxh3 Rxf2 42. Nxc6 Ra2 43. Ne7+ Kf7 44. Nxd5 Rxa3 45. Kg4 Rd3 46. Nc7 Rxe3 47.
Kf4 Rb3 48. Kxe4 Rxb4+ 49. Kf3 a5 50. Nd5 Rb3+ 51. Ke2 a4 52. Ne3 a3 53. Nc2 Rb2
54. Kd3 Rxc2 55. Kxc2 h5 0-1

[Event "Ogolnopolska Olimpiada Mlodziezy w Sportach Umyslowych - D14"]
[Site "Walbrzych, Zamek Ksiaz"]
[Date "2013-04-17"]
[Round "7.2"]
[White "Dmochowska, Agnieszka"]
[Black "Konopacka, Martyna"]
[Result "1-0"]
[WhiteTitle "WCM"]
[BlackTitle "I"]
[WhiteElo "1794"]
[BlackElo "1674"]

1. d4 d5 2. c4 e6 3. Nc3 c5 4. e3 Nf6 5. Nf3 Nc6 6. a3 dxc4 7. Bxc4 a6 8. O-O b5
9. Bd3 Bb7 10. Bc2 cxd4 11. exd4 Be7 12. b3 O-O 13. Bb2 Rc8 14. Rc1 Qb6 15. Qd3
g6 16. Rfd1 Rfd8 17. Qe3 b4 18. Na4 Qa7 19. Nc5 Ba8 20. Bd3 Nd5 21. Qh6 Bf8 22.
Qh4 Be7 23. Ng5 Bxg5 24. Qxg5 bxa3 25. Bxa3 Ncb4 26. Bc4 Qb6 27. Ne4 a5 28. Qh6
f5 29. Ng5 Rc7 30. f3 Rg7 31. Qh4 Re8 32. Re1 Bb7 33. Bxb4 axb4 34. Rxe6 Qd8 35.
Rxe8+ Qxe8 36. Re1 Qd8 37. Qh6 Re7 38. Re5 Qd7 39. Nxh7 Rxh7 40. Qxg6+ Rg7 41.
Re8+ 1-0

[Event "Ogolnopolska Olimpiada Mlodziezy w Sportach Umyslowych - D14"]
[Site "Walbrzych, Zamek Ksiaz"]
[Date "2013-04-17"]
[Round "7.3"]
[White "Antolak, Julia"]
[Black "Posuniak, Weronika"]
[Result "0-1"]
[WhiteTitle "I+"]
[BlackTitle "I"]
[WhiteElo "1747"]
[BlackElo "1540"]

1. e4 e6 2. d4 d5 3. Nc3 dxe4 4. Nxe4 Nd7 5. Bd3 Ngf6 6. Nf3 Be7 7. Qe2 O-O 8.
Bg5 Re8 9. O-O-O c6 10. Kb1 Nf8 11. h4 b5 12. Ne5 Bb7 13. g4 a5 14. Bxf6 Bxf6
15. g5 Bxe5 16. dxe5 Qe7 17. Nf6+ Kh8 18. Nxe8 Rxe8 19. Rhg1 a4 20. a3 b4 21.
axb4 Qxb4 22. Qg4 Qa5 23. c3 Qxe5 24. Qxa4 Ra8 25. Qb4 Rb8 26. Qe7 Kg8 27. f4
Qa5 28. Qa3 Qb6 29. Bc4 c5 30. Rge1 Bc6 31. Re5 Nd7 32. Rxd7 Bxd7 33. Rxc5 Qb7
34. Re5 Qh1+ 35. Ka2 Be8 36. f5 exf5 37. Rxf5 Qe4 38. Qc5 Qc2 39. Bb5 Ra8+ 0-1

[Event "Ogolnopolska Olimpiada Mlodziezy w Sportach Umyslowych - D14"]
[Site "Walbrzych, Zamek Ksiaz"]
[Date "2013-04-17"]
[Round "7.4"]
[White "Dwilewicz, Katarzyna"]
[Black "Glapa, Anna"]
[Result "0-1"]
[WhiteTitle "I"]
[BlackTitle "I++"]
[WhiteElo "1635"]
[BlackElo "1660"]

1. e4 c5 2. Nf3 Nc6 3. Bb5 d6 4. O-O Bd7 5. c3 Nf6 6. Re1 a6 7. Ba4 c4 8. Bc2 e6
9. b3 b5 10. d4 cxd3 11. Qxd3 Be7 12. Bg5 e5 13. Nbd2 O-O 14. Nf1 Bg4 15. Rad1
Rc8 16. h3 Bxf3 17. Qxf3 Qa5 18. Bxf6 Bxf6 19. Rxd6 Nd4 20. Qd1 Rxc3 21. Bb1 Qa3
22. Rb6 h6 23. Qg4 Ne6 24. Ne3 Rc1 25. Qe2 Nd4 26. Qf1 Rfc8 27. Bd3 Rxe1 28. Qxe1
Rc1 29. Nd1 Qxa2 30. Rb8+ Kh7 31. Kf1 Bg5 32. f4 Bxf4 33. Be2 Nc2 34. Qf2 Ne3+
0-1

[Event "Ogolnopolska Olimpiada Mlodziezy w Sportach Umyslowych - D14"]
[Site "Walbrzych, Zamek Ksiaz"]
[Date "2013-04-17"]
[Round "7.5"]
[White "Olechnicka, Karolina"]
[Black "Topolan, Agata"]
[Result "0-1"]
[WhiteTitle "I"]
[BlackTitle "II+"]
[WhiteElo "1665"]
[BlackElo "1449"]

1. e4 c6 2. d4 d5 3. Nc3 dxe4 4. Nxe4 Bf5 5. Ng3 Bg6 6. h4 h6 7. Nf3 Nd7 8. h5
Bh7 9. Bd3 Bxd3 10. Qxd3 e6 11. Bf4 Qa5+ 12. Bd2 Bb4 13. c3 Bd6 14. Ne4 Be7 15.
Bf4 Ngf6 16. Nd6+ Bxd6 17. Bxd6 Qd5 18. Be5 Nxe5 19. Nxe5 Qxg2 20. O-O-O Qe4 21.
Qg3 Rg8 22. Rde1 Qd5 23. Kb1 Nd7 24. Ng4 O-O-O 25. f4 Nb6 26. Ne5 Nc4 27. Rhg1
Rde8 28. Nf3 Qxh5 29. b3 Qxf3 30. bxc4 Qxg3 31. Rxg3 g5 32. Reg1 f6 33. Kc2 Rg7
34. Kd3 Reg8 35. Ke4 Kd7 36. f5 h5 37. a4 Ke7 38. a5 g4 39. Rb1 exf5+ 40. Kxf5
Rg5+ 41. Kf4 Rb8 42. c5 Kd7 43. Rg2 a6 44. Kg3 h4+ 45. Kf4 g3 46. Rbb2 Kc7 47.
Kf3 Rh8 48. Rge2 Rh7 49. Rg2 h3 50. Rg1 g2 51. Rgb1 Kc8 0-1

[Event "Ogolnopolska Olimpiada Mlodziezy w Sportach Umyslowych - D14"]
[Site "Walbrzych, Zamek Ksiaz"]
[Date "2013-04-17"]
[Round "7.6"]
[White "Kozubal, Aleksandra"]
[Black "Murawko, Julia"]
[Result "0-1"]
[WhiteTitle "I"]
[BlackTitle "I"]
[WhiteElo "1477"]
[BlackElo "1651"]

1. d4 d5 2. c4 e6 3. Nc3 Nf6 4. Bg5 c6 5. e3 Nbd7 6. Nf3 Qa5 7. Nd2 Bb4 8. Qc2
O-O 9. Bd3 dxc4 10. Nxc4 Qxg5 11. O-O Bxc3 12. bxc3 h5 13. f4 Qh6 14. e4 Nb6 15.
Nd2 Ng4 16. Rf3 f5 17. e5 Qg6 18. Rg3 h4 19. Rf3 Nd5 20. Nf1 b6 21. h3 Nh6 22.
Rc1 Qe8 23. Qf2 Qd8 24. a3 Bb7 25. Bc4 c5 26. Rd3 Qe7 27. Ba2 cxd4 28. cxd4 Rac8
29. Rb1 Nc3 30. Ra1 Nxa2 31. Qxa2 Bd5 32. Qf2 Bc4 33. Rdd1 Bxf1 34. Rxf1 Rfd8
35. Rfd1 Rd5 36. Rd3 Nf7 37. g3 Rc4 38. gxh4 Qc7 39. Rad1 Rc1 40. Qg2 Rxd1+ 41.
Rxd1 Qc3 42. Kh1 Qe3 43. Qf1 Rxd4 44. Rc1 Rxf4 45. Qd1 Qxh3+ 46. Kg1 Qg3+ 47.
Kh1 Rxh4# 0-1

[Event "Ogolnopolska Olimpiada Mlodziezy w Sportach Umyslowych - D14"]
[Site "Walbrzych, Zamek Ksiaz"]
[Date "2013-04-17"]
[Round "7.7"]
[White "Kaniewska, Emilia"]
[Black "Skorupa, Oliwia"]
[Result "1-0"]
[WhiteTitle "I"]
[BlackTitle "II+"]
[WhiteElo "1677"]
[BlackElo "1510"]

1. c4 e5 2. Nc3 Nc6 3. g3 Nf6 4. Bg2 Bb4 5. Nd5 O-O 6. Nxb4 Nxb4 7. a3 Nc6 8. e3
d6 9. Ne2 Be6 10. b3 Qd7 11. O-O Bh3 12. d4 Bxg2 13. Kxg2 exd4 14. exd4 Rfe8 15.
Bb2 d5 16. c5 Ne7 17. b4 a6 18. Nf4 Rad8 19. Nd3 Ng6 20. Ne5 Nxe5 21. dxe5 Ng4
22. Re1 Nh6 23. f4 c6 24. h3 Nf5 25. g4 Nh4+ 26. Kg3 Ng6 27. f5 Nf8 28. Qd2 Qc7
29. Kg2 Qc8 30. Qd4 Nd7 31. g5 h6 32. e6 1-0

[Event "Ogolnopolska Olimpiada Mlodziezy w Sportach Umyslowych - D14"]
[Site "Walbrzych, Zamek Ksiaz"]
[Date "2013-04-17"]
[Round "7.8"]
[White "Parol, Pola"]
[Black "Momot, Weronika"]
[Result "1-0"]
[WhiteTitle "I"]
[BlackTitle "I"]
[WhiteElo "1638"]
[BlackElo "1460"]

1. e4 e6 2. d4 d5 3. Nc3 Nf6 4. Bg5 Be7 5. e5 Nfd7 6. Bxe7 Qxe7 7. f4 a6 8. Nf3
c5 9. Ne2 Nc6 10. c3 b6 11. Ng3 Nf8 12. Qd2 cxd4 13. Nxd4 Nxd4 14. cxd4 Ng6 15.
Bd3 Nh4 16. O-O Nf5 17. Nxf5 exf5 18. Qc2 Qd7 19. Bxf5 Qb7 20. Bd3 Bd7 21. Qe2
O-O 22. f5 Rfe8 23. Qh5 f6 24. exf6 gxf6 25. Rf3 Re7 26. Qh6 Rf8 27. Rg3+ Kh8
28. Qxf8# 1-0

[Event "Ogolnopolska Olimpiada Mlodziezy w Sportach Umyslowych - D14"]
[Site "Walbrzych, Zamek Ksiaz"]
[Date "2013-04-17"]
[Round "7.9"]
[White "Kalinowska, Karolina"]
[Black "Najuch, Natalia"]
[Result "0-1"]
[WhiteTitle "I"]
[BlackTitle "II"]
[WhiteElo "1504"]
[BlackElo "1312"]

1. e4 c5 2. Nf3 e6 3. d4 cxd4 4. Nxd4 a6 5. Bd3 Bc5 6. Nb3 Be7 7. O-O Qc7 8. Qe2
d6 9. c4 Nf6 10. Nc3 O-O 11. Be3 Nbd7 12. f4 b6 13. Kh1 Bb7 14. Rac1 Rac8 15.
h3 Qb8 16. Rce1 d5 17. cxd5 exd5 18. e5 Ne4 19. Nxe4 dxe4 20. Bxa6 Bxa6 21. Qxa6
Rc2 22. Rf2 Rfc8 23. Ree2 R2c7 24. Qa4 Qb7 25. Qb5 Nc5 26. Nxc5 Bxc5 27. Bxc5
Rxc5 28. Qa4 Rc4 29. Qb3 Qc6 30. Kh2 Qc5 31. Qe3 Qc6 32. Rd2 Qc7 33. Rd4 Qb7 34.
Re2 Qa6 35. a3 Rxd4 36. Qxd4 Qxe2 37. Qxb6 Qd2 38. Qb3 e3 39. Qb7 Rd8 0-1

[Event "Ogolnopolska Olimpiada Mlodziezy w Sportach Umyslowych - D14"]
[Site "Walbrzych, Zamek Ksiaz"]
[Date "2013-04-17"]
[Round "7.10"]
[White "Karleszko, Karolina"]
[Black "Humin, Julia"]
[Result "1-0"]
[WhiteTitle "I"]
[BlackTitle "II+"]
[WhiteElo "1622"]
[BlackElo "1386"]

1. d4 Nf6 2. c4 g6 3. Nc3 d5 4. Bf4 c6 5. e3 Bg7 6. Qb3 O-O 7. Nf3 e6 8. c5 Nbd7
9. Bd6 Re8 10. Bd3 b6 11. O-O bxc5 12. dxc5 e5 13. e4 d4 14. Ne2 Ng4 15. Bc4 Nh6
16. Nc1 Bf8 17. Bxf8 Kxf8 18. Nd3 f5 19. Rfe1 Qe7 20. exf5 Nxc5 21. Nxc5 Qxc5
22. fxg6 hxg6 23. Rac1 Qd6 24. Ng5 Bf5 25. Bd3 Rab8 26. Qc2 Bxd3 27. Qxd3 Rxb2
28. Ne4 Qe6 29. Qa3+ c5 30. Qxb2 c4 31. Qb4+ Kg7 32. Qxc4 Qf5 33. Nd6 Qf8 34.
Nxe8+ Qxe8 35. Qc7+ Kg8 36. Rxe5 1-0

[Event "Ogolnopolska Olimpiada Mlodziezy w Sportach Umyslowych - D14"]
[Site "Walbrzych, Zamek Ksiaz"]
[Date "2013-04-17"]
[Round "7.11"]
[White "Wierzbowska, Aleksandra"]
[Black "Cieslak, Wiktoria"]
[Result "0-1"]
[WhiteTitle "II+"]
[BlackTitle "I"]
[WhiteElo "1405"]
[BlackElo "1532"]

1. d4 d5 2. c4 e6 3. Nc3 Nf6 4. Bg5 Nbd7 5. Nf3 Be7 6. e3 O-O 7. Bd3 dxc4 8. Bxc4
a6 9. O-O b5 10. Bd3 c5 11. Rc1 c4 12. Bb1 Re8 13. Qc2 Nf8 14. Ne5 Bb7 15. a3
Nd5 16. Bxe7 Nxe7 17. Ne2 Neg6 18. Nxg6 Nxg6 19. Nf4 Qg5 20. f3 Rad8 21. Rcd1
Kf8 22. Nxg6+ hxg6 23. Qf2 e5 24. dxe5 Qxe5 25. e4 Qc7 26. Qh4 Kg8 27. Kh1 a5
28. Qg5 Ba6 29. Bc2 Rf8 30. Rfe1 b4 31. axb4 axb4 32. b3 cxb3 33. Bb1 b2 34. h3
b3 35. Rxd8 Rxd8 36. Qe3 Qc4 37. Qb6 Rc8 38. Qe3 Qb4 39. Rg1 Qc3 40. Qf4 Bd3 41.
Bxd3 Qxd3 42. Qg4 Rc1 43. Kh2 b1=Q 44. Qf4 Rxg1 45. Qb8+ Kh7 46. e5 Qe2 47. Kg3
Rxg2+ 48. Kh4 Qf2# 0-1

[Event "Ogolnopolska Olimpiada Mlodziezy w Sportach Umyslowych - D14"]
[Site "Walbrzych, Zamek Ksiaz"]
[Date "2013-04-17"]
[Round "7.12"]
[White "Daliga, Anita"]
[Black "Karykowska, Anna"]
[Result "1/2-1/2"]
[WhiteTitle "II"]
[BlackTitle "I"]
[WhiteElo "1347"]
[BlackElo "1493"]

1. e4 c5 2. Nf3 Nc6 3. d4 cxd4 4. Nxd4 Nf6 5. Nc3 e5 6. Nb3 Bb4 7. Bd3 d5 8. exd5
Nxd5 9. Bd2 Nxc3 10. Bxc3 Bxc3+ 11. bxc3 O-O 12. O-O Be6 13. Qe2 f5 14. Rad1 Qf6
15. Bc4 Rad8 16. Nc5 Bxc4 17. Qxc4+ Qf7 18. Qxf7+ Rxf7 19. Rxd8+ Nxd8 20. Re1
b6 21. Nd3 e4 22. Nb4 Rd7 23. c4 Rd4 24. Nd5 Rxc4 25. Ne3 Ra4 26. Nxf5 Rxa2 27.
Nd4 Ra4 28. Rd1 Kf7 29. g3 Ne6 30. Nc6 Nc5 31. Ne5+ Ke6 32. Ng4 Ra2 33. Ne3 Rb2
34. Ra1 a5 35. Nc4 Rxc2 36. Nxb6 Nd3 37. Rxa5 Rxf2 38. Nc4 Re2 39. h4 e3 40. Ra3
Re1+ 41. Kg2 Kd5 42. Rxd3+ Kxc4 43. Rd7 Re2+ 44. Kf3 Rd2 45. Re7 e2 46. Rxe2 Rxe2
47. Kxe2 Kd4 48. Kf3 Ke5 49. g4 Kf6 50. Kf4 h6 51. h5 g6 52. hxg6 Kxg6 53. Kg3
h5 54. gxh5+ Kxh5 1/2-1/2